[Event "Rio de Janeiro op 04"]
[Site "Rio de Janeiro"]
[Date "2023.04.30"]
[Round "3"]
[White "Lima, Rafael Da M Muller"]
[Black "Mesquita, Victor Noronha"]
[Result "1/2-1/2"]
[WhiteElo "1764"]
[BlackElo "1349"]
[PlyCount "32"]
[EventDate "2023.04.29"]
[EventType "swiss"]
[EventRounds "6"]
[EventCountry "BRA"]
[SourceTitle "CBM 214 Extra"]
[Source "ChessBase"]
[SourceDate "2023.07.31"]
[SourceVersion "1"]
[SourceVersionDate "2023.07.31"]
[SourceQuality "1"]

1. e4 e5 2. Nf3 Nf6 3. Nxe5 d6 4. Nf3 Nxe4 5. Qe2 Qe7 6. d3 Nf6 7. Bg5 Qxe2+ 8. Bxe2 Be7 9. 0-0 0-0 10. Nc3 c6 11. Ne4 Nbd7 12. Rfe1 d5 13. Nxf6+ Bxf6 14. Bxf6 Nxf6 15. h3 Re8 16. Nh2 Be6 1/2-1/2